| 000 | 00846nam a22001577a 4500 | ||
|---|---|---|---|
| 003 | OSt | ||
| 005 | 20151009090313.0 | ||
| 008 | 151009b xxu||||| |||| 00| 0 eng d | ||
| 040 | _cRUA | ||
| 082 | _aAVM LY 2008 B084 Or.1 | ||
| 100 |
_92411 _aLY TITVICHEKA |
||
| 245 | _aThe effecxt of using kapok nut as feed concentrate on broiler avian growth in experimental station of riyal university of agriculture, (ប្រសិទ្ធភាពនៃការប្រើប្រាស់គ្រាប់គជាចំណីផ្សំលើការលូតលាស់មាន់សាច់ពូជ AVIAN នៅស្ថានីយ៍ពិសោធន៍ នៃសាកលវិទ្យាល័យភូមិន្ទកសិកម្ម) | ||
| 260 |
_aphnom penh _brua _c2008 |
||
| 300 |
_ax, 45p. _bill. _c29cm. |
||
| 942 |
_2ddc _cAVM |
||
| 999 |
_c2268 _d2268 |
||